000 00293nam a22001217a 4500
008 181218b xxu||||| |||| 00| 0 eng d
041 _aeng
080 _a510
100 _a37
101 _aMAT
245 _aHow To solve IT A new Aspect Mathematical Method
_cPolya.g
942 _2udc
_cBK
999 _c53343
_d53343